000 00343 a2200157 4500
001 75390
020 _a9788508146321
040 _cAnchieta - Colégio São Paulo
100 _aTenNapel, Doug
240 1 0 _aFantasmópolis
_lpor
245 1 0 _aFantasmópolis
300 _a272
362 0 _a2011
650 4 _aLiteratura juvenil
942 _cBK
999 _c75390
_d75390